El lenguaje y los problemas del conocimiento: conferencias de Managua 1

Uloženo v:
Podrobná bibliografie
Hlavní autor: Chomsky, Noam (Autor)
Médium: Kniha
Jazyk:španělština
Vydáno: Madrid Visor 1989
Edice:Colección Linguística y Conocimiento, 2
Témata:
Tagy: Přidat tag
Žádné tagy, Buďte první, kdo vytvoří štítek k tomuto záznamu!

MARC

LEADER 00000nam a2200000 a 4500
001 UCN0778
003 CL-VaPUC
008 010330e19890000SP |||||||||||||||||spa|d
082 0 4 |a 410  |b CHO  |2 21 
100 0 |a Chomsky, Noam  |e author  |9 320717 
245 1 3 |a El lenguaje y los problemas del conocimiento: conferencias de Managua 1 
300 |a 160 p 
942 |c BK 
945 |d 20010330 00:00:00  |a vberengu 
260 |a Madrid  |b Visor  |c 1989 
650 0 |a Lingüística  |9 265068 
650 0 |a Investigación lingüística  |9 329785 
650 0 |a Análisis lingüístico  |9 314711 
583 |a last modification  |c 20010330 00:00:00  |k Rodrigo Vera 
490 0 |a Colección Linguística y Conocimiento, 2 
999 |c 294403  |d 294401 
952 |0 0  |1 0  |4 0  |6 410_000000000000000_CHO_1989  |7 0  |8 A  |9 346793  |a FDOPOS  |b FDOPOS  |d 2019-11-20  |i 3708071  |o 410 CHO 1989  |p 3708071  |r 2025-01-22  |w 2019-11-20  |y BK  |k MLA